Statistics for US Wars By Casualties

Click here to take the quiz!

General Stats

  • This quiz has been taken 283 times
  • The average score is 9 of 12

Answer Stats

DatesNumber of CasualtiesWar% Correct
1861-1865625,000Civil War
88%
1955-197558,209Vietnam War
88%
1950-195336,516Korean War
85%
2003-20124,804Iraq
83%
1812-181520,000War of 1812
82%
2001-3,441 (5/24/14)Afghanistan
80%
1775-178325,000American Revolutionary War
79%
1990-1991258Persian Gulf War
74%
1941-1945405,399World War II
71%
1917-1918116,516World War I
70%
18982,446Spanish-American War
67%
1846-184813,283Mexican-American War
66%

Score Distribution

Percentile by Number Answered

Percent of People with Each Score

Your Score History

You have not taken this quiz